Some issues of growth and profitability in Indian public sector banks (Record no. 52592)

000 -LEADER
fixed length control field 00958pab a2200169 454500
008 - FIXED-LENGTH DATA ELEMENTS--GENERAL INFORMATION
fixed length control field 180718b2002 xxu||||| |||| 00| 0 eng d
100 ## - MAIN ENTRY--PERSONAL NAME
Personal name Chaudhuri, Saumitra
245 ## - TITLE STATEMENT
Title Some issues of growth and profitability in Indian public sector banks
260 ## - PUBLICATION, DISTRIBUTION, ETC.
Date of publication, distribution, etc. 2002
300 ## - PHYSICAL DESCRIPTION
Extent p.2155-162.
362 ## - DATES OF PUBLICATION AND/OR SEQUENTIAL DESIGNATION
Dates of publication and/or sequential designation 1 Jun
520 ## - SUMMARY, ETC.
Summary, etc. Public sector banks face a triple jeopardy. First, they are losing market share; second, their profitability is being seriously squeezed; and, third, their balance sheets are not strong and their sovereign support, which had buttressed them so far, is becoming open to question. The reasons for this less-than-enviable condition of the public sector banks are many, but a principal operative factor derives from the nature of their ownership and what that translates into in terms of goals and priorities. - Reproduced.
650 ## - SUBJECT ADDED ENTRY--TOPICAL TERM
Topical term or geographic name entry element Banks - India
650 ## - SUBJECT ADDED ENTRY--TOPICAL TERM
Topical term or geographic name entry element Banks
773 ## - HOST ITEM ENTRY
Main entry heading Economic and Political Weekly
909 ## -
-- 52592
Holdings
Withdrawn status Lost status Damaged status Not for loan Permanent Location Current Location Date acquired Serial Enumeration / chronology Barcode Date last seen Price effective from Koha item type
        Indian Institute of Public Administration Indian Institute of Public Administration 2018-07-19 Volume no: 37, Issue no: 22 AR53022 2018-07-19 2018-07-19 Articles

Powered by Koha